| 000 | 00802cam a22002531 4500 | ||
|---|---|---|---|
| 001 | sa 64006864 | ||
| 003 | DLC | ||
| 005 | 20260227112042.0 | ||
| 008 | 810601s1961 ii b 000 0 eng | ||
| 010 | _asa 64006864 | ||
| 025 | _aPL480:I-E-3062 | ||
| 035 | _a(OCoLC)7466106 | ||
| 040 |
_aDLC _cNIC _dDLC |
||
| 042 | _apremarc | ||
| 050 | 0 | 0 |
_aHD3528 _b.G25 |
| 100 | 1 |
_aGadgil, D. R. _q(Dhananjaya Ramchandra), _d1901-1971. |
|
| 245 | 1 | 0 |
_aTowards a co-operative commonwealth _b[by] D. R. Gadgil. With a forword by A. C. Joshi. |
| 250 | _a[1st ed.] | ||
| 260 |
_aChandigarh, _bPanjab University Publication Bureau _c[1961] |
||
| 300 |
_aii, 109 p. _c19 cm. |
||
| 440 | 0 |
_aProfessor Brij Narayan memorial lectures, _v1960 |
|
| 504 | _aBibliographical footnotes. | ||
| 650 | 0 |
_aCooperation _zIndia. |
|
| 999 |
_c59919 _d59919 |
||